| 000 | 00693cam a2200229 a 4500 | ||
|---|---|---|---|
| 001 | 1598743 | ||
| 005 | 20250205170142.0 | ||
| 008 | 941011s1995 paua b 001 0 eng c | ||
| 020 |
_a9780874347791 _c$24.00 |
||
| 050 | 0 | 0 |
_aRC111 _b.I5185 1995 |
| 082 | 0 | 0 |
_a610.73/699 _220 |
| 245 | 0 | 0 | _aInfectious disorders. |
| 260 |
_aSpringhouse, Pa. : _bSpringhouse Corporation, _cc1995. |
||
| 300 |
_avii, 280 p. : _bill. ; _c24 cm. |
||
| 440 | 0 | _aProfessional care guide | |
| 500 | _aAt head of title: Springhouse. | ||
| 650 | 0 | _aCommunicable diseases. | |
| 650 | 0 |
_aCommunicable diseases _xNursing. |
|
| 650 | 1 | 2 | _aCommunicable Diseases. |
| 710 | 2 | _aSpringhouse Corporation. | |
| 942 |
_2lcc _cBK _n0 |
||
| 999 |
_c3462 _d3462 |
||